000 00608nam a2200229Ia 4500
003 OSt
005 20220918174432.0
006 a|||||r|||| 00| 0
007 ta
008 220917b |||||||| |||| 00| 0 eng d
024 _a12,120
037 _cTextual
040 _aARTS
_cARTS
_beng
041 _2eng
_aeng
082 _a/\2y7M63, J5;L9.1
245 0 _aLife of Swami Vivekananda by his Eastern Western disciples
250 _a5th
260 _aCalcutta
_bAdvita Ashrama
_c1979
650 _aSPIRITUALISM
942 _h/\2y7M63, J5;L9.1
_cTEXL
_2CC
999 _c153170
_d153170